=LDR 00000nam 2200000 4500 =001 INLIS000000000047879 =005 20200916083352 =035 ##$$a 0010-021600000000268 =008 200916################g##########0#ind## =020 ##$$a 3-451-07008-1 =040 ##$$a NBPDMAT =082 ##$$a 305.4 =090 ##$$a 305.4$bSpe f =100 ##$$a Spektrum, Herder =245 1#$$a Fur starke frauen und schwache stunden /$c Herder Spektrum =250 ##$$a Cet. 1 =260 ##$$a Germany :$b Herder,$c 2001 =300 ##$$a 221 hlm. ; $c 10,5 x 15 cm. =500 ##$$a Bibliografi hlm : 217 - 221 =650 #4$$a Wanita =850 ##$$a NBPDMAT =084 ##$$a 305.4 SPE f =990 ##$$a 31500726